000 00984cam a22002293a 4500
001 1483
003 PGUSA
005 20140828083001.0
008 981001s1998||||xxu|||||s|||||000 | eng d
040 _aPGUSA
_beng
042 _adc
050 4 _aTP
100 1 _aCarvalho, David Nunes,
_d1848-1925
245 1 0 _aForty Centuries of Ink :
_bOr, A chronological narrative concerning ink and its backgrounds, introducing incidental observations and deductions, parallels of time and color phenomena, bibliography, chemistry, poetical effusions, citations, anecdotes and curiosa together with some evidence respecting the evanescent character of most inks of to-day and an epitome of chemico-legal ink.
_h[electronic resource] /
_cDavid Nunes Carvalho
260 _bProject Gutenberg,
_c1998
506 _aPublic domain in the USA.
516 _aElectronic text
653 _aInk
830 0 _aProject Gutenberg
_v1483
856 4 0 _uhttp://www.gutenberg.org/ebooks/1483
942 _cEB
999 _c230831
_d230831